000 01161cam a22003377a 4500
003 CHAP
005 20220817041010.0
008 971013s1980 r 00010 d
010 _a4255
011 _a5227
035 _a4434
040 _cCHAP
090 _aFolleto 13744
110 _aCommonwealth Scientific and Industrial Research Organization. Division of Soils
_926043
245 1 2 _aA computer program to process field data collected with the neutron moisture meter
260 _aMelbourne :
_bCSIRO. Division of Soils,
_c1980
300 _a31 p
490 0 _aTechnical paper
_v; 42
590 _aBATCH-UPD
_b10
_c20130110
_lUCH01
_h1643
590 _aBATCH-UPD
_b10
_c20130410
_lUCH01
_h1033
590 _aBATCH-UPD
_b10
_c20130914
_lUCH01
_h1617
590 _aCONVERSION
_b10
_c20130109
_lUCH01
_h1303
650 1 4 _aProcesamiento automático de datos en suelos.
650 1 4 _aSuelos
_xHumedad.
_9110391
700 0 _aHignett, C. T.
_955339
830 0 _aTechnical paper
_v; 42
_9111899
901 _aBK
942 _cFOLL
949 _aFolleto 13744
_bBC
_cFOLL
_d-13977
_eTS1
_i4434
_mD
_si
949 _aFolleto 13744
_bBC
_cFOLL
_d-143501
_eTS2
_fc.2
_i4434
_si
999 _c4255
_d4255